| 000 | 00897cam a2200265 i 4500 | ||
|---|---|---|---|
| 001 | 20165647 | ||
| 005 | 20250224105847.0 | ||
| 008 | 171206s2018 flua 000 0 eng | ||
| 010 | _a 2017047524 | ||
| 020 | _a9781482253221 (pbk. : acid-free paper) | ||
| 020 | _a9780815354383 (hardback) | ||
| 040 |
_aDLC _beng _erda _cDLC _dDLC |
||
| 042 | _apcc | ||
| 050 | 0 | 0 |
_aTA418.9.N35 _bJ64 2018 |
| 082 | 0 | 0 |
_a620.115 _223 |
| 100 | 1 |
_aJohal, Malkiat S., _eauthor. _95390 |
|
| 245 | 1 | 0 |
_aUnderstanding nanomaterials / _cMalkiat S. Johal, Lewis E. Johnson. |
| 250 | _aSecond edition. | ||
| 260 | 1 |
_aBoca Raton : _bCRC Press, Taylor & Francis Group, _c[2018] |
|
| 300 |
_axxiv, 498 pages : _billustrations ; _c23 cm. |
||
| 490 | 0 | _aTextbook series in physical sciences | |
| 650 | 0 |
_aNanostructured materials. _94765 |
|
| 650 | 0 |
_aNanochemistry. _92867 |
|
| 700 | 1 |
_aJohnson, Lewis E. v.d.L., _eauthor. _95391 |
|
| 999 |
_c706 _d706 |
||